[Event "AUTO-ELITE-692"]
[Site "http://www.queenalice.com/game.php?id=913154"]
[Date "2011.3.16"]
[Round "2"]
[White "Thomas_A_Anderson"]
[Black "philipp84lemke"]
[Result "1-0"]
[WhiteElo "2609"]
[BlackElo "2324"]

1. e4 e5 2. Nf3 Nc6 3. Bb5 Bc5 4. O-O d6 5. c3 Bd7 6. d4 Bb6 7. a4 a6 8. Bxc6
Bxc6 9. dxe5 dxe5 10. Nxe5 Bxe4 11. Qg4 Bg6 12. a5 Bc5 13. Rd1 Qe7 14. Qa4+ c6
15. Nxc6 1-0

[Event "AUTO-ELITE-692"]
[Site "http://www.queenalice.com/game.php?id=913155"]
[Date "2011.3.16"]
[Round "2"]
[White "philipp84lemke"]
[Black "Thomas_A_Anderson"]
[Result "0-1"]
[WhiteElo "2393"]
[BlackElo "2623"]

1. e4 c6 2. c4 d5 3. cxd5 cxd5 4. exd5 Nf6 5. Nc3 Nxd5 6. d4 g6 7. Qb3 Nb6 8. d5
Bg7 9. Be3 O-O 10. Rd1 Na6 11. Bxa6 bxa6 12. Nge2 Rb8 13. O-O Bg4 14. Rfe1 Qc8
15. Bxb6 Rxb6 16. Qa3 Be5 17. Na4 Rb7 18. Qe3 Bd6 19. b3 Rd8 20. Rd4 Rb4 21. Ng3
Qb8 22. Rd3 h5 23. h3 h4 24. Ne2 Bf5 25. Rd4 a5 26. Rxb4 Bh2+ 27. Kh1 Qxb4 28.
Rc1 Bb8 29. Nd4 Qd6 30. Nf3 Qf4 31. Qxf4 Bxf4 32. Rc4 g5 33. Nc3 Bd3 34. Rd4 Ba6
35. g3 hxg3 36. fxg3 Be3 37. Re4 Bc5 38. Nxg5 Bb4 39. Re3 Rc8 40. d6 Bb7+ 41.
Kh2 Bxd6 42. Rd3 Ba6 43. Rf3 Be5 44. Nce4 f6 45. Ne6 Bb7 46. Re3 Rc2+ 47. Kg1
Bc8 48. N4g5 Rxa2 49. Kf1 Bb8 50. Nf3 Bxg3 51. Nfd4 Bf2 52. Re4 Ba6+ 53. Ne2 f5
54. Re5 Bg3 55. Re3 f4 56. Nxf4 Bxf4 57. Rxe7 Rxe2 58. Rxe2 Bg3 59. Kg2 Bxe2 60.
Kxg3 Bd1 61. Kf2 Bxb3 62. Ke3 a4 63. Kd3 a3 64. Kc3 Ba4 0-1

[Event "helianthus-2"]
[Site "http://www.queenalice.com/game.php?id=929992"]
[Date "2011.4.25"]
[Round "1"]
[White "Thomas_A_Anderson"]
[Black "AndyWo"]
[Result "1/2-1/2"]
[WhiteElo "2630"]
[BlackElo "2614"]

1. e4 c5 2. Nf3 Nc6 3. d4 cxd4 4. Nxd4 Nf6 5. Nc3 d6 6. Bg5 e6 7. Qd2 a6 8.
O-O-O Bd7 9. f3 Be7 10. h4 h6 11. Be3 h5 12. Bg5 b5 13. Nxc6 Bxc6 14. Ne2 Rc8
15. Kb1 O-O 16. Nf4 g6 17. Bh6 Re8 18. g4 hxg4 19. h5 g5 20. Ng6 Nh7 21. Rg1
fxg6 22. hxg6 Nf8 23. Rxg4 Rc7 24. Bh3 Bf6 25. Qe3 Rg7 1/2-1/2

[Event "AUTO-OPEN-2184"]
[Site "http://www.queenalice.com/game.php?id=949056"]
[Date "2011.6.12"]
[Round "2"]
[White "Thomas_A_Anderson"]
[Black "alvarogoulart"]
[Result "1-0"]
[WhiteElo "2621"]
[BlackElo "1761"]

1. e4 e5 2. Nf3 d6 3. d4 exd4 4. Nxd4 Nf6 5. Nc3 Bd7 6. Bc4 c5 7. Ndb5 Bxb5 8.
Bxb5+ Nc6 9. Qf3 a6 10. Bxc6+ bxc6 11. Bf4 Be7 12. e5 Nd5 13. Nxd5 cxd5 14.
O-O-O d4 15. exd6 Bf6 16. Qc6+ Kf8 17. d7 g6 18. Bc7 Bg5+ 19. Kb1 Qf6 20. Qxa8+
Kg7 21. Qe8 Rxe8 22. dxe8=N+ Kh6 23. Nxf6 Bxf6 24. Rhe1 c4 25. Be5 Bxe5 26. Rxe5
1-0

[Event "AUTO-OPEN-2184"]
[Site "http://www.queenalice.com/game.php?id=949057"]
[Date "2011.6.12"]
[Round "2"]
[White "alvarogoulart"]
[Black "Thomas_A_Anderson"]
[Result "0-1"]
[WhiteElo "1694"]
[BlackElo "2622"]

1. e4 c5 2. Bc4 e6 3. Nf3 Nc6 4. Nc3 a6 5. O-O b5 6. Be2 Bb7 7. b3 Qc7 8. d3 Nf6
9. g3 Be7 10. Bf4 d6 11. a4 b4 12. Nb1 h6 13. Nbd2 g5 14. Be3 d5 15. exd5 Nxd5
16. Nc4 g4 17. Nfd2 h5 18. Ne4 f5 19. Nxc5 Nxe3 20. fxe3 Bxc5 21. d4 O-O-O 22.
Qe1 Nxd4 23. exd4 Bxd4+ 24. Rf2 Qc6 25. Ne5 Qh1# 0-1

[Event "AUTO-OPEN-2184"]
[Site "http://www.queenalice.com/game.php?id=949058"]
[Date "2011.6.12"]
[Round "2"]
[White "Thomas_A_Anderson"]
[Black "mauricio_sm"]
[Result "1-0"]
[WhiteElo "2619"]
[BlackElo "2067"]

1. e4 e5 2. Nf3 Nc6 3. Bb5 a6 4. Ba4 Nf6 5. O-O b5 6. Bb3 Be7 7. Re1 d6 8. c3
Bb7 9. d4 O-O 10. Nbd2 Re8 11. Ng5 Rf8 12. Nf1 Na5 13. Bc2 Nc4 14. Ng3 c6 15. b3
Nb6 16. Nf5 h6 17. Nf3 Nbd7 18. Bxh6 gxh6 19. Qc1 Nh7 20. Qxh6 Bf6 21. Re3 Kh8
22. Ng5 1-0

[Event "AUTO-OPEN-2184"]
[Site "http://www.queenalice.com/game.php?id=949059"]
[Date "2011.6.12"]
[Round "2"]
[White "mauricio_sm"]
[Black "Thomas_A_Anderson"]
[Result "0-1"]
[WhiteElo "2079"]
[BlackElo "2620"]

1. e4 e5 2. Nf3 Nc6 3. Bb5 a6 4. Ba4 Nf6 5. O-O b5 6. Bb3 Bb7 7. d3 Be7 8. Nc3
O-O 9. Bd2 d6 10. Nd5 Nxd5 11. Bxd5 Qc8 12. a3 Nd8 13. Ba2 Ne6 14. Be3 Kh8 15.
Qd2 f5 16. exf5 Rxf5 17. Bxe6 Qxe6 18. Ng5 Bxg5 19. Bxg5 Qg6 20. h4 h6 21. f3
hxg5 22. hxg5 Rxg5 23. g4 Rxg4+ 24. fxg4 Qxg4+ 25. Kh2 Qh4+ 26. Kg1 Qg3+ 0-1

[Event "QA-ANNIV-07"]
[Site "http://www.queenalice.com/game.php?id=950790"]
[Date "2011.6.16"]
[Round "1"]
[White "ljkhalil"]
[Black "Thomas_A_Anderson"]
[Result "0-1"]
[WhiteElo "2166"]
[BlackElo "2618"]

1. e4 e5 2. Nf3 Nc6 3. d4 exd4 4. Nxd4 Nf6 5. Nc3 Bb4 6. Nxc6 bxc6 7. Bd3 d5 8.
Bd2 O-O 9. O-O Rb8 10. exd5 cxd5 11. Bg5 c6 12. Qf3 Bd6 0-1

[Event "AUTO-ELITE-800"]
[Site "http://www.queenalice.com/game.php?id=963103"]
[Date "2011.7.21"]
[Round "1"]
[White "WakanTanka"]
[Black "Thomas_A_Anderson"]
[Result "1/2-1/2"]
[WhiteElo "2515"]
[BlackElo "2628"]

1. e4 e5 2. Nf3 Nc6 3. Bb5 a6 4. Bxc6 dxc6 5. O-O f6 6. d4 exd4 7. Nxd4 c5 8.
Ne2 Qxd1 9. Rxd1 Bd7 10. Be3 O-O-O 11. Nbc3 Re8 12. Rd2 Bc6 13. Rad1 b6 14. a4
Kb7 15. a5 b5 16. Rd8 Bd6 17. Rxe8 Bxe8 18. Nf4 b4 19. Nce2 Bf7 20. Nd3 Kc6 21.
e5 fxe5 22. Bxc5 b3 23. cxb3 Bxb3 24. Rc1 Kd7 25. Ba3 Nf6 26. Nc5+ Bxc5 27. Rxc5
Re8 28. Nc1 Bd5 29. Nd3 e4 30. Nb4 Bb7 31. Kf1 Re6 32. Ke1 g6 33. Ke2 1/2-1/2

[Event "AUTO-ELITE-800"]
[Site "http://www.queenalice.com/game.php?id=963104"]
[Date "2011.7.21"]
[Round "1"]
[White "Thomas_A_Anderson"]
[Black "WakanTanka"]
[Result "1-0"]
[WhiteElo "2630"]
[BlackElo "2525"]

1. e4 c5 2. Nf3 Nc6 3. d4 cxd4 4. Nxd4 e5 5. Nb5 d6 6. N1c3 a6 7. Na3 b5 8. Nd5
Nce7 9. c4 Nxd5 10. exd5 bxc4 11. Nxc4 Nf6 12. Be3 Be7 13. Be2 O-O 14. a4 Bb7
15. Nb6 Rb8 16. O-O Nd7 17. a5 f5 18. Rc1 Qe8 19. f3 Bh4 20. Kh1 Bd8 21. Qb3 Nf6
22. Rc6 Kh8 23. Rfc1 Qe7 24. Qd1 e4 25. f4 Rg8 26. b4 Ne8 27. Bd4 Nc7 28. R1c3
Ne8 29. Rh3 Nf6 30. Bh5 h6 31. Rcc3 Bxb6 32. axb6 Rgc8 33. Rxc8+ Bxc8 34. Bg6
Bd7 35. b5 axb5 36. Qa1 Qf8 37. Bxf6 gxf6 38. Ra3 Kg7 39. Rg3 Kh8 40. h3 Rb7 41.
Ra3 Rb8 42. b7 1-0

[Event "AUTO-ELITE-800"]
[Site "http://www.queenalice.com/game.php?id=963107"]
[Date "2011.7.21"]
[Round "1"]
[White "trill"]
[Black "Thomas_A_Anderson"]
[Result "1/2-1/2"]
[WhiteElo "2640"]
[BlackElo "2622"]

1. c4 c6 2. g3 d5 3. Nf3 Nf6 4. Bg2 dxc4 5. O-O Nbd7 6. Na3 Nb6 7. Qc2 Qd5 8.
Ne1 Qd4 9. Nf3 Qd5 10. Ne1 Qd4 11. Nf3 Qd5 1/2-1/2

[Event "AUTO-ELITE-800"]
[Site "http://www.queenalice.com/game.php?id=963108"]
[Date "2011.7.21"]
[Round "1"]
[White "Thomas_A_Anderson"]
[Black "trill"]
[Result "1/2-1/2"]
[WhiteElo "2623"]
[BlackElo "2640"]

1. e4 c5 2. Nf3 Nc6 3. d4 cxd4 4. Nxd4 Nf6 5. Nc3 e5 6. Ndb5 d6 7. Bg5 a6 8. Na3
b5 9. Nd5 Be7 10. Bxf6 Bxf6 11. c4 b4 12. Nc2 a5 13. g3 O-O 14. h4 a4 15. Bg2
Be6 16. O-O b3 17. axb3 axb3 18. Rxa8 Qxa8 19. Nxf6+ gxf6 20. Ne3 Nd4 21. f4 Qc8
22. Kh2 Nc2 23. Rf3 Kg7 24. Nxc2 bxc2 25. Qxc2 Qxc4 26. Rc3 Qa2 27. f5 Rb8 28.
fxe6 Rxb2 29. e7 Rxc2 30. Rxc2 Qa8 31. Bh3 Qe8 32. Rc7 h5 33. Bf5 1/2-1/2

[Event "AUTO-ELITE-722"]
[Site "http://www.queenalice.com/game.php?id=969015"]
[Date "2011.8.5"]
[Round "2"]
[White "skorpion"]
[Black "Thomas_A_Anderson"]
[Result "1/2-1/2"]
[WhiteElo "2662"]
[BlackElo "2634"]

1. e4 e5 2. Nf3 Nc6 3. Bc4 Bc5 4. c3 Nf6 5. d3 O-O 6. Nbd2 d5 7. exd5 Nxd5 8.
O-O Nb6 9. Bb5 Bd6 10. Ne4 Bg4 11. h3 Bh5 12. Ng3 Bg6 13. Bg5 Ne7 14. Nh4 f6 15.
Be3 f5 16. Bg5 c6 17. Nxg6 hxg6 18. Qb3+ Rf7 19. Bc4 Nxc4 20. dxc4 Qc7 21. Rad1
e4 22. Ne2 c5 23. Rd2 f4 24. Rxd6 Qxd6 25. Qxb7 Rb8 26. Qxe4 f3 27. Nf4 fxg2 28.
Rb1 Nf5 29. Qe2 Qc6 30. Qd3 Re8 31. Qd5 Qxd5 32. cxd5 Re5 33. h4 Nd6 34. Nxg6
Re4 35. h5 Re2 36. Be3 Ne4 37. Kxg2 Nxf2 38. Bxf2 Rfxf2+ 39. Kg3 Rxb2 40. Re1
Rfe2 41. Rf1 Rg2+ 42. Kf3 Rxa2 43. d6 Kf7 44. d7 Rgd2 45. Re1 Rd5 46. Rf1 Rd6
47. Kg3+ Ke6 48. Nf8+ Ke7 49. Re1+ Kxf8 50. Re8+ Kf7 51. d8=Q Rxd8 52. Rxd8 Ra4
53. Rd7+ Kf6 54. Rc7 Rc4 55. Rxa7 Rxc3+ 56. Kf4 Rc4+ 57. Kg3 Rc1 58. Rc7 c4 59.
Kf4 c3 60. Rc6+ Kf7 61. Ke3 Rh1 62. Ke4 Rxh5 63. Rxc3 Rh4+ 64. Kf5 g6+ 65. Kg5
Rh5+ 66. Kf4 Kf6 67. Rc6+ Kg7 1/2-1/2

[Event "AUTO-ELITE-722"]
[Site "http://www.queenalice.com/game.php?id=969016"]
[Date "2011.8.5"]
[Round "2"]
[White "Thomas_A_Anderson"]
[Black "skorpion"]
[Result "1/2-1/2"]
[WhiteElo "2636"]
[BlackElo "2648"]

1. e4 c6 2. d4 d5 3. Nc3 dxe4 4. Nxe4 Nd7 5. Nf3 Ngf6 6. Ng3 e6 7. Bd3 c5 8. O-O
cxd4 9. Nxd4 Bc5 10. Nb3 O-O 11. Nxc5 Nxc5 12. Bc4 b6 13. Qe2 Bb7 14. Bg5 Ncd7
15. Bf4 Qc8 16. Rfd1 Qc6 17. f3 Rfd8 18. Bb5 Qc5+ 19. Be3 Qc7 20. c4 Ne5 21. Bd4
Ng6 22. b4 e5 23. Bb2 Bc6 24. Bxc6 Qxc6 25. Nf5 Qa4 26. Bc3 Rac8 27. Ne3 Ne8 28.
Qb2 Rxd1+ 29. Rxd1 e4 30. Qb3 Qc6 31. fxe4 Qxe4 32. Bb2 Ne5 33. Rd4 Qb1+ 34. Rd1
Qe4 35. Rd4 Qb1+ 36. Rd1 Qe4 37. Rd4 1/2-1/2

[Event "AUTO-OPEN-2184"]
[Site "http://www.queenalice.com/game.php?id=970711"]
[Date "2011.8.9"]
[Round "3"]
[White "Thomas_A_Anderson"]
[Black "gmvilela"]
[Result "1-0"]
[WhiteElo "2626"]
[BlackElo "2165"]

1. e4 c5 2. Nf3 Nc6 3. d4 cxd4 4. Nxd4 Nf6 5. Nc3 e5 6. Ndb5 d6 7. Nd5 Nxd5 8.
exd5 Nb8 9. c4 Be7 10. Bd3 O-O 11. O-O f5 12. f3 f4 13. Qc2 a6 14. Bxh7+ Kh8 15.
Nc3 Rf6 16. Bd2 Nd7 17. Bd3 Nc5 18. Bg6 Nd7 19. b4 Nf8 20. Bd3 Rh6 21. Ne4 b6
22. a4 Bf5 23. Nxd6 Bxd3 24. Nf7+ Kg8 25. Nxh6+ 1-0

[Event "AUTO-OPEN-2184"]
[Site "http://www.queenalice.com/game.php?id=970712"]
[Date "2011.8.9"]
[Round "3"]
[White "gmvilela"]
[Black "Thomas_A_Anderson"]
[Result "0-1"]
[WhiteElo "2151"]
[BlackElo "2627"]

1. e4 e5 2. Nf3 Nc6 3. Bc4 Bc5 4. c3 Nf6 5. d4 exd4 6. cxd4 Bb4+ 7. Nc3 Nxe4 8.
O-O Bxc3 9. bxc3 d5 10. Bd3 O-O 11. c4 Bg4 12. cxd5 Qxd5 13. Be3 Nb4 14. Bb1 a5
15. a3 Nc3 16. Qe1 Bxf3 17. gxf3 Nxb1 18. axb4 Ra6 19. h3 Qxf3 20. Kh2 Nc3 21.
Qxc3 Rh6 22. Bxh6 Qxc3 23. Rg1 g6 24. Bxf8 Kxf8 25. Rxa5 Qxd4 0-1

[Event "AUTO-ELITE-666"]
[Site "http://www.queenalice.com/game.php?id=978636"]
[Date "2011.8.30"]
[Round "2"]
[White "Thomas_A_Anderson"]
[Black "pickles"]
[Result "1-0"]
[WhiteElo "2635"]
[BlackElo "2437"]

1. e4 e5 2. Nf3 Nc6 3. Bb5 a6 4. Bxc6 dxc6 5. O-O Bd6 6. d4 exd4 7. Qxd4 f6 8.
Be3 Be6 9. Nbd2 Ne7 10. Qc3 Ng6 11. Nd4 Qd7 12. Nxe6 Qxe6 13. Qb3 Qxb3 14. axb3
O-O-O 15. Rfd1 Rhe8 16. f3 Bf4 17. Nc4 b5 18. Bxf4 Nxf4 19. Ne3 Rxd1+ 20. Rxd1
Rd8 21. Rxd8+ Kxd8 22. Kf2 Ne6 23. Ke2 Kd7 24. Kd3 g6 25. Ng4 Ke7 26. Ke3 c5 27.
c3 c6 28. f4 Nf8 29. Nf2 Nd7 30. Nd3 Ke6 31. c4 a5 32. Kf3 Ke7 33. e5 Ke6 34.
exf6 Kxf6 35. Ke4 Ke6 36. Ne5 Nxe5 37. fxe5 bxc4 38. bxc4 a4 39. h4 Ke7 40. g4
Ke6 41. h5 Ke7 42. Kf4 Ke6 43. Kg5 Kxe5 44. Kh6 gxh5 45. gxh5 Kd4 46. Kxh7 Kxc4
47. h6 Kb3 48. Kg6 c4 49. h7 Kxb2 50. h8=Q+ c3 51. Qb8+ Kc2 52. Qb4 1-0

[Event "AUTO-ELITE-666"]
[Site "http://www.queenalice.com/game.php?id=978637"]
[Date "2011.8.30"]
[Round "2"]
[White "pickles"]
[Black "Thomas_A_Anderson"]
[Result "1/2-1/2"]
[WhiteElo "2433"]
[BlackElo "2638"]

1. d4 Nf6 2. c4 c5 3. d5 b5 4. cxb5 a6 5. bxa6 g6 6. Nc3 Bxa6 7. g3 d6 8. Bg2
Bg7 9. Nf3 Nbd7 10. Rb1 O-O 11. O-O Qa5 12. Bd2 Ng4 13. Qc2 Nge5 14. Nxe5 Nxe5
15. b3 Qa3 16. Rfe1 Rfb8 17. Bc1 Qa5 18. Bg5 Nc4 19. Rbc1 Na3 20. Qd2 Ra7 21.
Be3 Rab7 22. Bh6 Bh8 23. Nd1 Qxd2 24. Bxd2 c4 25. b4 Bb5 26. e4 Ba4 27. Ne3 Bb2
28. Nxc4 Bxc1 29. Rxc1 Nxc4 30. Rxc4 Kf8 31. a3 Ke8 32. Rc3 Kd8 33. Bf1 Rc7 34.
Rxc7 Kxc7 35. Bd3 Kb6 36. Be3+ Kb7 37. Kf1 Rc8 38. Bd4 Bc2 39. Ke2 g5 40. Bb5
Bxe4 41. Bc6+ Rxc6 1/2-1/2

[Event "QA-ANNIV-07"]
[Site "http://www.queenalice.com/game.php?id=992243"]
[Date "2011.10.1"]
[Round "2"]
[White "Thomas_A_Anderson"]
[Black "FLEURY"]
[Result "1-0"]
[WhiteElo "2636"]
[BlackElo "2320"]

1. e4 e5 2. Nf3 Nc6 3. Bb5 f5 4. Nc3 fxe4 5. Nxe4 Nf6 6. Nxf6+ Qxf6 7. Qe2 Be7
8. Bxc6 dxc6 9. Nxe5 Bf5 10. O-O O-O-O 11. d3 Rhe8 12. f4 g5 13. Qf2 Rd5 14. d4
g4 15. a3 h5 16. c4 Rdd8 17. b4 Kb8 18. Bb2 Qf8 19. Rae1 h4 20. Re3 Bf6 21. Rfe1
h3 22. g3 Bxe5 23. Rxe5 Rxe5 24. fxe5 Be6 25. Qxf8 Rxf8 26. d5 cxd5 27. cxd5
Bxd5 28. e6 Re8 29. e7 c6 30. Bf6 Kc7 31. Kf2 Kd6 32. Ke3 Ke6 33. Bh4 Ke5 34.
Rd1 b6 35. Rd4 Be6 36. Re4+ Kd6 37. Kf4 Bd7 38. Rd4+ Kc7 39. Ke5 Rg8 40. Kf6 c5
41. bxc5 bxc5 42. Rd2 Kc6 43. Bg5 Be8 44. Rd8 c4 45. Bd2 Kc7 46. Ke5 Kc6 47. Kd4
Kb5 48. Rc8 Ka4 49. Rb8 Rh8 50. Bc1 Ka5 51. Kc3 Ka4 52. Kb2 c3+ 53. Kxc3 1-0

[Event "AUTO-ELITE-1080"]
[Site "http://www.queenalice.com/game.php?id=1124258"]
[Date "2012.11.21"]
[Round "1"]
[White "Phil_Corrigan"]
[Black "Thomas_A_Anderson"]
[Result "0-1"]
[WhiteElo "2554"]
[BlackElo "2656"]

1. d4 Nf6 2. c4 g6 3. Nc3 Bg7 4. e4 d6 5. Nf3 O-O 6. Be2 e5 7. O-O Nc6 8. d5 Ne7
9. b4 Ne8 10. c5 f5 11. Ng5 h6 12. Ne6 Bxe6 13. dxe6 fxe4 14. cxd6 Nxd6 15. b5
Nef5 16. Qd5 Kh7 17. Nxe4 Nxe4 18. Qxe4 Qd4 19. Qxd4 Nxd4 20. Bc4 a6 21. bxa6 b5
22. Bd5 Rxa6 23. Bb2 c5 24. a4 bxa4 25. Bc4 Ra7 26. Ra2 Rb8 27. Rc1 Bf6 28. g3
Rb4 29. Ba3 Kg7 30. Bd5 Be7 31. Rca1 Rb8 32. Kg2 Rd8 33. Bc4 Rb7 34. h4 Kf6 35.
Re1 Rb3 36. Bc1 Rb4 37. Bf1 g5 38. hxg5+ hxg5 39. Bd2 Ra8 40. Rea1 Nb3 41. Bxb4
Nxa1 42. Ba3 Nb3 43. Bc4 Kf5 44. Bb2 Nd4 45. Ra1 g4 46. Ra2 Nf3 47. Bd5 Rd8 0-1

[Event "AUTO-ELITE-1080"]
[Site "http://www.queenalice.com/game.php?id=1124259"]
[Date "2012.11.21"]
[Round "1"]
[White "Thomas_A_Anderson"]
[Black "Phil_Corrigan"]
[Result "1-0"]
[WhiteElo "2639"]
[BlackElo "2550"]

1. e4 e6 2. d4 d5 3. Nc3 Bb4 4. e5 Ne7 5. a3 Bxc3+ 6. bxc3 c5 7. Qg4 O-O 8. Bd3
Nbc6 9. Qh5 Ng6 10. Nf3 Qc7 11. Be3 c4 12. Bxg6 fxg6 13. Qg4 Qf7 14. Ng5 Qe8 15.
h4 Bd7 16. Qe2 Ne7 17. g4 Qd8 18. Kd2 Qb6 19. h5 gxh5 20. Rab1 Qa6 21. Nxh7 Kxh7
22. Rxh5+ Kg8 23. Rbh1 Kf7 24. Rh7 Rg8 25. Qf3+ Ke8 26. Bh6 Qxa3 27. Bxg7 Kd8
28. Bf6 1-0

[Event "AUTO-ELITE-1080"]
[Site "http://www.queenalice.com/game.php?id=1124264"]
[Date "2012.11.21"]
[Round "1"]
[White "Alsina"]
[Black "Thomas_A_Anderson"]
[Result "0-1"]
[WhiteElo "2518"]
[BlackElo "2651"]

1. d4 Nf6 2. c4 g6 3. g3 Bg7 4. Nf3 O-O 5. Bg2 d6 6. Nc3 Nc6 7. O-O a6 8. h3 Rb8
9. e4 b5 10. cxb5 axb5 11. Qc2 b4 12. Ne2 Bb7 13. Bd2 e5 14. dxe5 dxe5 15. Rfd1
Qe7 16. a3 bxa3 17. Rxa3 Nb4 18. Bxb4 Qxb4 19. Nc3 Rfe8 20. Ne1 Bf8 21. Nd3 Qc4
22. Ra5 Bd6 23. Qa4 Qxa4 24. Rxa4 Kg7 25. f4 Bc6 26. Rc4 Rb6 27. b4 Nd7 28. h4
Rd8 29. fxe5 Bxe5 30. Kh2 h5 31. Ra1 Re8 32. Ra7 Bd6 33. e5 Bxg2 34. exd6 Rxd6
35. Kxg2 Rxd3 36. Rcxc7 Ree3 37. Rxd7 Rxg3+ 38. Kh2 Rxd7 39. Rxd7 Rxc3 40. Kg2
Rc4 41. Rb7 Rxh4 42. Kg3 g5 43. Rb5 Kg6 44. Rb6+ f6 45. Rb7 Rf4 0-1

[Event "AUTO-ELITE-1080"]
[Site "http://www.queenalice.com/game.php?id=1124265"]
[Date "2012.11.21"]
[Round "1"]
[White "Thomas_A_Anderson"]
[Black "Alsina"]
[Result "1-0"]
[WhiteElo "2645"]
[BlackElo "2521"]

1. e4 c6 2. d4 d5 3. e5 Bf5 4. Nf3 e6 5. Be2 Nd7 6. O-O Bg6 7. Nbd2 Ne7 8. Nh4
Nf5 9. Nxg6 hxg6 10. Nf3 Nh4 11. g3 Nxf3+ 12. Bxf3 Be7 13. b3 Qc7 14. c4 dxc4
15. bxc4 c5 16. d5 Nxe5 17. dxe6 fxe6 18. Bg2 Rd8 19. Qe2 Bf6 20. Rb1 b6 21. Rb3
Kf7 22. Bf4 g5 23. Bxg5 Nc6 24. Be3 Nd4 25. Bxd4 cxd4 26. Re1 Qd6 27. h4 Rh6 28.
Bh3 Re8 29. Qf3 e5 30. Rb5 Kg8 31. Rd5 Qb4 32. Qe4 Qxc4 33. Bd7 Rf8 34. Be6+ Kh8
35. Rd8 Qc5 36. Rxf8+ Qxf8 37. Rc1 Bd8 38. Qd5 Qe7 39. Rc8 Qxe6 40. Rxd8+ Kh7
41. Qa8 d3 42. Rh8+ Kg6 43. Re8 Qd7 44. Rf8 Rxh4 45. gxh4 Qg4+ 46. Qg2 Qxg2+ 47.
Kxg2 Kh5 48. Kf3 Kxh4 49. Ke3 d2 50. Kxd2 1-0

[Event "AUTO-ELITE-1080"]
[Site "http://www.queenalice.com/game.php?id=1185212"]
[Date "2013.5.27"]
[Round "2"]
[White "Thomas_A_Anderson"]
[Black "Chuzete"]
[Result "0-1"]
[WhiteElo "2666"]
[BlackElo "2473"]

1. e4 c5 2. Nf3 d6 3. d4 cxd4 4. Nxd4 Nf6 5. Nc3 a6 6. f3 e6 7. Be3 b5 8. Qd2
Nbd7 9. O-O-O Bb7 10. a3 Rc8 11. Kb1 Ne5 12. Rg1 d5 13. exd5 Nxd5 14. Nxd5 Bxd5
15. Nf5 f6 16. Bd4 exf5 17. Bxe5 Be6 18. Bd6 Kf7 19. Be2 Qb6 20. Qd4 Qc6 21.
Qa7+ Kg8 22. Bxf8 Qxc2+ 23. Ka1 Kxf8 24. Bd3 Qc6 25. Rge1 h5 26. h4 Rh6 27. Bb1
b4 0-1

[Event "AUTO-ELITE-1080"]
[Site "http://www.queenalice.com/game.php?id=1185213"]
[Date "2013.5.27"]
[Round "2"]
[White "Chuzete"]
[Black "Thomas_A_Anderson"]
[Result "0-1"]
[WhiteElo "2480"]
[BlackElo "2662"]

1. c4 e5 2. g3 Nf6 3. Bg2 d5 4. cxd5 Nxd5 5. Nc3 Nb6 6. Nf3 Nc6 7. O-O Be7 8. d3
O-O 9. Be3 Be6 10. Rc1 f5 11. a3 Kh8 12. Na4 f4 13. Nc5 Bd5 14. Bd2 Bxc5 15.
Rxc5 Qd6 0-1